000 00316nam a22001337a 4500
020 _a978-93-5176-015-3
082 _a574
_bBAT/E
100 _aHEMA BATRA, PRIDHI BHATIA
245 _aALL IN ONE BIOLOGY
_bCLASS XII
260 _aMEERUT
_bARIHANT
300 _a488
650 _aBIOLOGY FOR CLASS XII
_zINDIA
942 _cBK
999 _c724
_d724